000 00321 a2200109 4500
001 ART_9861
005 20260410161653.0
008 260409a
245 1 0 _aCompetir en países emergentes
100 1 _aForteza, Jorge H.
773 0 _tHarvard Deusto Business Review
_g- Nº 82 (ene./feb. 1998)
_wREV521
999 _c14444
_d14444